000 00599nam a22001457a 4500
020 _a978-93-5036-302-7
082 _a823
_bWIL/C
100 _aWILDE, OSCAR
245 _aTHE CANTERVILLE GHOST
260 _aDELHI
_bRATNA SAGAR
_c2013
300 _a96
520 _aIt is a humorous short story. It follows an American family moving into a haunted castle despite being warned about supernatural activities. An ancient castle of Canterville Chase is haunted by a terrifying ghost. The Otis family moves into the castle even though they are warned of the ghost.
650 _aNOVEL
_zINDIA
942 _cBK
999 _c5048
_d5048